000
00320nam a2200133 4500
999
_c
510615
_d
510615
008
190826b ||||| |||| 00| 0 eng d
100
_a
Mishra, Richa
_9
8891
245
_a
Biogas- a story untold
260
_c
2019
300
_a
p.30-31.
773
_a
Yojana
906
_a
Energy resources - Biogas
942
_2
ddc
_c
AR